[Event "Sao Jose dos Campos op"]
[Site "Sao Jose dos Campos"]
[Date "2012.11.30"]
[Round "3"]
[White "Quintiliano Pinto, Renato Rodrigues"]
[Black "Barbosa, Evandro Amorim"]
[Result "0-1"]
[WhiteElo "2243"]
[BlackElo "2407"]
[PlyCount "66"]
[EventDate "2012.11.29"]
[EventType "swiss"]
[EventRounds "7"]
[EventCountry "BRA"]
[SourceTitle "EXT 2014"]
[Source "ChessBase"]
[SourceDate "2013.11.20"]
[SourceVersion "1"]
[SourceVersionDate "2013.11.20"]
[SourceQuality "1"]

1. d4 Nf6 2. c4 g6 3. Nc3 d5 4. cxd5 Nxd5 5. e4 Nxc3 6. bxc3 Bg7 7. Bc4 O-O 8.
Ne2 Nc6 9. Be3 b6 10. h4 Na5 11. Bd3 c5 12. h5 e5 13. dxc5 Be6 14. Qc2 Qc7 15.
cxb6 axb6 16. O-O Nc4 17. Bxc4 Bxc4 18. a4 Qc6 19. Rfb1 Ra6 20. Rb4 Rfa8 21.
Rab1 Rb8 22. Ra1 Bf8 23. Rbb1 Rba8 24. Ng3 Qe6 25. Rb2 b5 26. a5 Rxa5 27. Rxa5
Rxa5 28. hxg6 hxg6 29. Nf1 Qd6 30. Qc1 Qa6 31. Qd1 Ra3 32. Bd2 Bd3 33. Bh6 b4
0-1

[Event "Sao Jose dos Campos op"]
[Site "Sao Jose dos Campos"]
[Date "2012.12.01"]
[Round "4"]
[White "Barbosa, Evandro Amorim"]
[Black "Marrero Lopez, Yaniet"]
[Result "1-0"]
[WhiteElo "2407"]
[BlackElo "2305"]
[PlyCount "101"]
[EventDate "2012.11.29"]
[EventType "swiss"]
[EventRounds "7"]
[EventCountry "BRA"]
[SourceTitle "EXT 2014"]
[Source "ChessBase"]
[SourceDate "2013.11.20"]
[SourceVersion "1"]
[SourceVersionDate "2013.11.20"]
[SourceQuality "1"]

1. e4 e5 2. Nf3 Nc6 3. Bb5 a6 4. Ba4 Nf6 5. O-O Be7 6. Re1 b5 7. Bb3 d6 8. c3
O-O 9. h3 Na5 10. Bc2 c5 11. d4 Nd7 12. d5 Nb6 13. Nbd2 Bd7 14. Nf1 c4 15. b4
Nb7 16. Ng3 g6 17. Nh2 a5 18. Bh6 Re8 19. Qd2 axb4 20. cxb4 Qc8 21. Re3 Bf8 22.
Bxf8 Rxf8 23. Nf5 Bxf5 24. exf5 Qd8 25. Rg3 Qh4 26. Rg4 Qd8 27. Be4 Nd7 28. Rg3
Qh4 29. Ng4 Nf6 30. Nxf6+ Qxf6 31. Rc1 Kh8 32. Qh6 Rg8 33. Rcc3 Qg7 34. Qe3 Ra6
35. h4 Qf6 36. Qh6 Qg7 37. Qg5 f6 38. Qd2 g5 39. hxg5 fxg5 40. f6 Qxf6 41. Rcf3
Qe7 42. Rh3 Rg7 43. Rh6 g4 44. Rf5 Kg8 45. Rfh5 Nd8 46. Rxh7 Rxh7 47. Bxh7+ Kf8
48. Bg6 Qg7 49. Qg5 Nf7 50. Qf5 e4 51. Rh8+ 1-0

[Event "Sao Jose dos Campos op"]
[Site "Sao Jose dos Campos"]
[Date "2012.12.01"]
[Round "5"]
[White "Barbosa, Evandro Amorim"]
[Black "Santiago, Yago de Moura"]
[Result "1-0"]
[WhiteElo "2407"]
[BlackElo "2363"]
[PlyCount "71"]
[EventDate "2012.11.29"]
[EventType "swiss"]
[EventRounds "7"]
[EventCountry "BRA"]
[SourceTitle "EXT 2014"]
[Source "ChessBase"]
[SourceDate "2013.11.20"]
[SourceVersion "1"]
[SourceVersionDate "2013.11.20"]
[SourceQuality "1"]

1. e4 e6 2. d4 d5 3. Nc3 Nf6 4. e5 Nfd7 5. f4 c5 6. Nf3 Nc6 7. Be3 a6 8. Qd2 g5
9. fxg5 cxd4 10. Nxd4 Ncxe5 11. Nf3 Bg7 12. O-O-O Qa5 13. Nxe5 Nxe5 14. Bd4 O-O
15. Kb1 b5 16. Qe1 Qc7 17. Bd3 b4 18. Qh4 f5 19. gxf6 Bxf6 20. Qg3+ Qg7 21. Ne2
Nxd3 22. Rxd3 e5 23. Bc5 Bg4 24. Bxf8 Rxf8 25. Nc1 d4 26. Qe1 Bf5 27. Rg3 Bg6
28. h4 Qc7 29. Nd3 Kh8 30. h5 Bf5 31. Rf3 Bg5 32. Rf2 b3 33. axb3 Rc8 34. Rxf5
Qxc2+ 35. Ka2 Bd2 36. Qf2 1-0

[Event "Sao Jose dos Campos op"]
[Site "Sao Jose dos Campos"]
[Date "2012.12.02"]
[Round "6"]
[White "Perdomo, Leandro Daniel"]
[Black "Barbosa, Evandro Amorim"]
[Result "0-1"]
[WhiteElo "2385"]
[BlackElo "2407"]
[PlyCount "152"]
[EventDate "2012.11.29"]
[EventType "swiss"]
[EventRounds "7"]
[EventCountry "BRA"]
[SourceTitle "EXT 2014"]
[Source "ChessBase"]
[SourceDate "2013.11.20"]
[SourceVersion "1"]
[SourceVersionDate "2013.11.20"]
[SourceQuality "1"]

1. d4 Nf6 2. c4 g6 3. Nc3 d5 4. Nf3 Bg7 5. e3 O-O 6. Qb3 e6 7. Bd2 b6 8. cxd5
exd5 9. Ne5 Be6 10. Be2 c5 11. O-O Nbd7 12. Nxd7 Qxd7 13. Bf3 c4 14. Qa4 Qxa4
15. Nxa4 Ne4 16. Rfd1 Rac8 17. Bb4 Rfd8 18. Bxe4 dxe4 19. Nc3 f5 20. a4 a6 21.
a5 b5 22. Rd2 Bd5 23. Rad1 Rd7 24. Na2 Bb7 25. Bc5 Bf6 26. Bb4 h5 27. Nc3 h4
28. h3 Rcd8 29. Kf1 g5 30. Ke2 f4 31. d5 Re8 32. Kf1 Kf7 33. Bc5 Kg6 34. d6 Kf5
35. Ne2 f3 36. Nd4+ Kg6 37. Kg1 Be5 38. Ba3 g4 39. hxg4 Kg5 40. gxf3 exf3 41.
Nf5 Kxg4 42. Ne7 h3 43. Kh1 h2 44. Rd4+ Kh3 45. Bc5 Bxd4 46. Rxd4 Bc6 47. Ng6
Re4 48. Rxe4 Bxe4 49. Nf4+ Kg4 50. Kxh2 Rh7+ 51. Kg1 Kf5 52. Bb4 Bc6 53. Bc5
Rb7 54. Bb4 Rg7+ 55. Kh2 Be4 56. Bc5 Rh7+ 57. Kg1 Ke5 58. Bb4 Bd3 59. Bc5 Bf5
60. Bb4 Rd7 61. Kf1 Be4 62. Bc5 Rh7 63. Kg1 Bd3 64. Bb4 Rd7 65. Kh2 Rxd6 66.
Kg3 Be4 67. Kg4 Rd1 68. Bc3+ Kd6 69. Bb4+ Kd7 70. Nh5 Bc6 71. Kf5 Rf1 72. e4
Rxf2 73. Bc3 Re2 74. Ng3 Rg2 75. Nf1 Rg1 76. Ne3 f2 0-1

[Event "Mario Covas 11th"]
[Site "Santos"]
[Date "2012.12.10"]
[Round "1"]
[White "Barbosa, Evandro Amorim"]
[Black "El Debs, Felipe de Cresce"]
[Result "0-1"]
[WhiteElo "2413"]
[BlackElo "2513"]
[PlyCount "96"]
[EventDate "2012.12.10"]
[EventType "tourn"]
[EventRounds "9"]
[EventCountry "BRA"]
[EventCategory "7"]
[SourceTitle "CBM 152 Extra"]
[Source "ChessBase"]
[SourceDate "2013.02.25"]
[SourceVersion "1"]
[SourceVersionDate "2013.02.25"]
[SourceQuality "1"]

1. e4 c5 2. Nf3 a6 3. c3 d5 4. exd5 Nf6 5. d4 cxd4 6. cxd4 Nxd5 7. Nc3 Nc6 8.
Bc4 Be6 9. Bb3 Na5 10. Bc2 Nxc3 11. bxc3 g6 12. O-O Bg7 13. Re1 O-O 14. Bg5 Rc8
15. Qd2 Qc7 16. Be4 Nc4 17. Qc2 Nd6 18. Bd3 Rfe8 19. Rac1 Bd5 20. Bf4 Qa5 21.
Nd2 Nb5 22. Bxb5 axb5 23. Nb3 Qa4 24. Qb2 b4 25. cxb4 Qxb4 26. Bd2 Qd6 27. Rxc8
Rxc8 28. Rc1 Ra8 29. Bc3 Qf4 30. Re1 Qg5 31. f4 Qxf4 32. Rxe7 h5 33. Re2 h4 34.
Qd2 Qf5 35. Qc2 Qg5 36. h3 Qg3 37. Qd2 Rc8 38. Bb2 Kh7 39. Nc5 Bh6 40. Qd3 Qxd3
41. Nxd3 Bxa2 42. Nb4 Bc4 43. Re7 b5 44. Rb7 Be3+ 45. Kh2 Bd2 46. Nc6 Re8 47.
d5 Bf4+ 48. g3 Bxg3+ 0-1

[Event "Mario Covas 11th"]
[Site "Santos"]
[Date "2012.12.12"]
[Round "4"]
[White "Sega, Carlos Alberto"]
[Black "Barbosa, Evandro Amorim"]
[Result "0-1"]
[WhiteElo "2252"]
[BlackElo "2413"]
[PlyCount "86"]
[EventDate "2012.12.10"]
[EventType "tourn"]
[EventRounds "9"]
[EventCountry "BRA"]
[EventCategory "7"]
[SourceTitle "CBM 152 Extra"]
[Source "ChessBase"]
[SourceDate "2013.02.25"]
[SourceVersion "1"]
[SourceVersionDate "2013.02.25"]
[SourceQuality "1"]

1. c4 Nf6 2. g3 g6 3. Bg2 Bg7 4. Nc3 O-O 5. d3 d6 6. e4 c5 7. Nge2 Nc6 8. O-O
a6 9. h3 Rb8 10. a4 Ne8 11. Be3 Nc7 12. d4 cxd4 13. Nxd4 Ne6 14. Nde2 Nc5 15.
f4 Na5 16. b4 Nxc4 17. Bd4 Ne6 18. Ba7 Ra8 19. Bf2 Bd7 20. Ra2 Rc8 21. Qd3 a5
22. b5 Nb6 23. Kh2 Nc5 24. Qd1 Be6 25. Nd5 Ncd7 26. Bd4 Bxd5 27. exd5 Rc4 28.
Bxg7 Kxg7 29. Nd4 Qc7 30. Nb3 Ra8 31. Qe1 Nf6 32. Nxa5 Rxa4 33. Rxa4 Nxa4 34.
Nb3 Qc3 35. Qxe7 Qxb3 36. f5 g5 37. Qxb7 Ra5 38. Qc7 Qb4 39. Rc1 Rxb5 40. Rc4
Qd2 41. Rc2 Qd3 42. Ra2 Qd4 43. Qxd6 Rb1 0-1

[Event "Mario Covas 11th"]
[Site "Santos"]
[Date "2012.12.14"]
[Round "7"]
[White "Blit, Jacques"]
[Black "Barbosa, Evandro Amorim"]
[Result "1/2-1/2"]
[WhiteElo "2301"]
[BlackElo "2413"]
[PlyCount "23"]
[EventDate "2012.12.10"]
[EventType "tourn"]
[EventRounds "9"]
[EventCountry "BRA"]
[EventCategory "7"]
[SourceTitle "CBM 152 Extra"]
[Source "ChessBase"]
[SourceDate "2013.02.25"]
[SourceVersion "1"]
[SourceVersionDate "2013.02.25"]
[SourceQuality "1"]

1. Nf3 c5 2. c4 Nc6 3. Nc3 e5 4. e3 Nf6 5. a3 d5 6. cxd5 Nxd5 7. d3 Be6 8. Be2
Be7 9. O-O O-O 10. d4 cxd4 11. exd4 exd4 12. Nb5 1/2-1/2

[Event "Mario Covas 11th"]
[Site "Santos"]
[Date "2012.12.15"]
[Round "8"]
[White "Barbosa, Evandro Amorim"]
[Black "Milos, Gilberto"]
[Result "0-1"]
[WhiteElo "2413"]
[BlackElo "2586"]
[PlyCount "150"]
[EventDate "2012.12.10"]
[EventType "tourn"]
[EventRounds "9"]
[EventCountry "BRA"]
[EventCategory "7"]
[SourceTitle "CBM 152 Extra"]
[Source "ChessBase"]
[SourceDate "2013.02.25"]
[SourceVersion "1"]
[SourceVersionDate "2013.02.25"]
[SourceQuality "1"]

1. e4 c5 2. Nf3 Nc6 3. Bb5 e6 4. Bxc6 bxc6 5. O-O Ne7 6. d3 f6 7. Nh4 d5 8. c4
e5 9. Nc3 Be6 10. Na4 dxc4 11. Nxc5 Bf7 12. Be3 g5 13. Nf3 Ng6 14. Qa4 Qc8 15.
dxc4 Nf4 16. Rfd1 Be7 17. Ne1 O-O 18. Rd2 Bh5 19. Qa6 Qxa6 20. Nxa6 Rad8 21.
Rxd8 Rxd8 22. f3 Ne6 23. Kf2 c5 24. Ke2 Rc8 25. Nd3 Be8 26. b4 cxb4 27. Naxb4
Rxc4 28. Nd5 Bd8 29. Rc1 Ra4 30. Rc2 Bb5 31. Nc3 Rc4 32. Kf2 Ba6 33. Rc1 Kf7
34. Nd5 Ra4 35. Nc3 Ra5 36. Nb4 Bb7 37. Rd1 Nd4 38. a4 Be7 39. Rb1 Bc8 40. Nbd5
Bd6 41. Nb5 Nxb5 42. axb5 Ra2+ 43. Kg1 Bb7 44. Nb4 Ra3 45. Kf2 Ke6 46. g4 Kd7
47. Rd1 Ke6 48. Nd5 Ra2+ 49. Kg3 Bxd5 50. Rxd5 Bb4 51. Rd1 Bc3 52. Rc1 Bd4 53.
Rc6+ Ke7 54. Bxd4 exd4 55. Rc5 d3 56. Rd5 d2 57. h4 h6 58. h5 Ke6 59. Kh3 Rc2
60. Kg3 Rb2 61. Kh3 Rxb5 62. Rxd2 a5 63. Rd8 Rb3 64. Kg3 a4 65. Ra8 a3 66. Ra5
Kd6 67. Ra6+ Kc5 68. Rxf6 Rb6 69. Rf8 Ra6 70. Rc8+ Kd4 71. Rc1 a2 72. Ra1 Kc3
73. f4 Ra3 74. Rxa2 Rxa2 75. e5 Kd4 0-1

[Event "Mario Covas 11th"]
[Site "Santos"]
[Date "2012.12.16"]
[Round "9"]
[White "Della Morte, German"]
[Black "Barbosa, Evandro Amorim"]
[Result "0-1"]
[WhiteElo "2325"]
[BlackElo "2413"]
[PlyCount "56"]
[EventDate "2012.12.10"]
[EventType "tourn"]
[EventRounds "9"]
[EventCountry "BRA"]
[EventCategory "7"]
[SourceTitle "CBM 152 Extra"]
[Source "ChessBase"]
[SourceDate "2013.02.25"]
[SourceVersion "1"]
[SourceVersionDate "2013.02.25"]
[SourceQuality "1"]

1. e4 c5 2. Nf3 e6 3. d4 cxd4 4. Nxd4 Nc6 5. Nc3 Qc7 6. g3 a6 7. Bg2 d6 8. O-O
Bd7 9. Re1 Be7 10. f4 Nf6 11. Nxc6 Bxc6 12. e5 dxe5 13. fxe5 Bc5+ 14. Kh1 Nd7
15. Ne4 Qxe5 16. Bf4 Qf5 17. b4 Be7 18. Bd6 Nf6 19. Nxf6+ Bxf6 20. c4 Bxa1 21.
Qxa1 Bxg2+ 22. Kxg2 f6 23. Qd4 Kf7 24. Qb6 Qc2+ 25. Kh3 Qxc4 26. Qxb7+ Kg6 27.
Qf3 h5 28. Bc5 e5 0-1

[Event "Petropolis op 3rd"]
[Site "Petropolis"]
[Date "2013.02.22"]
[Round "1"]
[White "Hille, Waltercler Jr"]
[Black "Barbosa, Evandro Amorim"]
[Result "0-1"]
[WhiteElo "1677"]
[BlackElo "2422"]
[PlyCount "48"]
[EventDate "2013.02.22"]
[EventType "swiss"]
[EventRounds "6"]
[EventCountry "BRA"]
[SourceTitle "CBM 153 Extra"]
[Source "ChessBase"]
[SourceDate "2013.04.22"]
[SourceVersion "1"]
[SourceVersionDate "2013.04.22"]
[SourceQuality "1"]

1. d4 Nf6 2. c4 g6 3. Nc3 d5 4. Nf3 Bg7 5. Bf4 O-O 6. e3 c5 7. dxc5 Ne4 8. Rc1
Nd7 9. cxd5 Qa5 10. Be2 Nxc3 11. Qd2 Nxc5 12. bxc3 Ne4 13. Qc2 Bxc3+ 14. Kf1
Bf5 15. Bd3 Nd2+ 16. Nxd2 Bxd2 17. Bxf5 Bxc1 18. Bh6 Rfd8 19. Qe4 Qxd5 20. Qxd5
Rxd5 21. Bg4 Ra5 22. Ke2 Rxa2+ 23. Kf3 Bb2 24. Kg3 Ra1 0-1

[Event "Petropolis op 3rd"]
[Site "Petropolis"]
[Date "2013.02.23"]
[Round "3"]
[White "Cordeiro, Marco Aurelio Zaror"]
[Black "Barbosa, Evandro Amorim"]
[Result "0-1"]
[WhiteElo "2215"]
[BlackElo "2422"]
[PlyCount "80"]
[EventDate "2013.02.22"]
[EventType "swiss"]
[EventRounds "6"]
[EventCountry "BRA"]
[SourceTitle "CBM 153 Extra"]
[Source "ChessBase"]
[SourceDate "2013.04.22"]
[SourceVersion "1"]
[SourceVersionDate "2013.04.22"]
[SourceQuality "1"]

1. e4 c5 2. Nc3 Nc6 3. f4 g6 4. Nf3 Bg7 5. Bc4 e6 6. d3 Nge7 7. O-O d5 8. Bb3
O-O 9. Bd2 b6 10. Qe1 dxe4 11. Qxe4 Bb7 12. Rae1 Qc7 13. Qe2 Nf5 14. Nb5 Qd7
15. Bc3 Ncd4 16. Nbxd4 Nxd4 17. Nxd4 cxd4 18. Bd2 Rac8 19. Rc1 Rc7 20. Rf2 Rfc8
21. Be1 Bf6 22. Qd2 a5 23. a3 Qb5 24. Rb1 Qd7 25. Qd1 a4 26. Ba2 Bh4 27. Rd2
Bxe1 28. Qxe1 Rxc2 29. Bc4 Rxd2 30. Qxd2 Rc5 31. b4 axb3 32. Bxb3 Qc6 33. Bd1
Qc7 34. Rb4 Rc1 35. Kf2 Qc5 36. Kg3 Rc3 37. Be2 Rc2 38. Qd1 e5 39. Bf3 exf4+
40. Kxf4 Qd6+ 0-1

[Event "Petropolis op 3rd"]
[Site "Petropolis"]
[Date "2013.02.23"]
[Round "4"]
[White "Barbosa, Evandro Amorim"]
[Black "Molina, Roberto Junio Brito"]
[Result "1/2-1/2"]
[WhiteElo "2422"]
[BlackElo "2414"]
[PlyCount "39"]
[EventDate "2013.02.22"]
[EventType "swiss"]
[EventRounds "6"]
[EventCountry "BRA"]
[SourceTitle "CBM 153 Extra"]
[Source "ChessBase"]
[SourceDate "2013.04.22"]
[SourceVersion "1"]
[SourceVersionDate "2013.04.22"]
[SourceQuality "1"]

1. e4 c6 2. Nc3 d5 3. Nf3 dxe4 4. Nxe4 Bg4 5. h3 Bxf3 6. Qxf3 Nd7 7. d4 Ndf6 8.
c3 Nxe4 9. Qxe4 Nf6 10. Qh4 Qd5 11. c4 Qf5 12. Qf4 Qxf4 13. Bxf4 e6 14. O-O-O
Be7 15. Be2 O-O-O 16. Be3 Bd6 17. Bg5 Be7 18. Be3 Bd6 19. Bg5 Be7 20. Be3
1/2-1/2

[Event "Petropolis op 3rd"]
[Site "Petropolis"]
[Date "2013.02.24"]
[Round "5"]
[White "Menna Barreto, Luiz Ney"]
[Black "Barbosa, Evandro Amorim"]
[Result "0-1"]
[WhiteElo "2325"]
[BlackElo "2422"]
[PlyCount "78"]
[EventDate "2013.02.22"]
[EventType "swiss"]
[EventRounds "6"]
[EventCountry "BRA"]
[SourceTitle "CBM 153 Extra"]
[Source "ChessBase"]
[SourceDate "2013.04.22"]
[SourceVersion "1"]
[SourceVersionDate "2013.04.22"]
[SourceQuality "1"]

1. Nf3 c5 2. c4 Nc6 3. d4 cxd4 4. Nxd4 Nf6 5. Nc3 e6 6. e4 Bb4 7. Nxc6 bxc6 8.
Bd3 e5 9. Be3 d6 10. f3 Bxc3+ 11. bxc3 O-O 12. O-O Be6 13. Qa4 Qc7 14. Bf2 Nd7
15. Rfd1 Nb6 16. Bxb6 Qxb6+ 17. Kh1 Rab8 18. Qa3 Qf2 19. Rab1 Rxb1 20. Rxb1 h5
21. Qxd6 Qxa2 22. h3 Qa5 23. Qxc6 Qxc3 24. Qd6 Rc8 25. Rb5 Qc1+ 26. Kh2 Qf4+
27. Kg1 Bxc4 28. Rb8 Qc1+ 29. Kh2 Bxd3 30. Rxc8+ Qxc8 31. Qxd3 Qc7 32. h4 g6
33. g4 hxg4 34. fxg4 Qb6 35. Kg2 Qd4 36. Qf3 Qd2+ 37. Kh3 Qf4 38. Qd3 Kg7 39.
Qe2 a5 0-1

[Event "Petropolis op 3rd"]
[Site "Petropolis"]
[Date "2013.02.24"]
[Round "6"]
[White "Barbosa, Evandro Amorim"]
[Black "Stamenkovic, Dragan"]
[Result "1/2-1/2"]
[WhiteElo "2422"]
[BlackElo "2373"]
[PlyCount "50"]
[EventDate "2013.02.22"]
[EventType "swiss"]
[EventRounds "6"]
[EventCountry "BRA"]
[SourceTitle "CBM 153 Extra"]
[Source "ChessBase"]
[SourceDate "2013.04.22"]
[SourceVersion "1"]
[SourceVersionDate "2013.04.22"]
[SourceQuality "1"]

1. d4 d5 2. c4 e6 3. Nc3 Nf6 4. cxd5 exd5 5. Bg5 c6 6. e3 Be7 7. Bd3 O-O 8. Qc2
Nbd7 9. Nf3 Re8 10. O-O Nf8 11. h3 Ne4 12. Bxe7 Qxe7 13. Bxe4 dxe4 14. Nd2 f5
15. Rae1 Be6 16. f3 exf3 17. Nxf3 Rad8 18. e4 fxe4 19. Rxe4 h6 20. Rfe1 Qc7 21.
Ne5 Bf5 22. Qb3+ Be6 23. Qc2 Bf5 24. Qb3+ Be6 25. Qc2 Bf5 1/2-1/2

[Event "Altinopolis op 2nd"]
[Site "Altinopolis"]
[Date "2013.??.??"]
[Round "1"]
[White "Barbosa, Leonardo Silva"]
[Black "Barbosa, Evandro Amorim"]
[Result "0-1"]
[WhiteElo "1795"]
[BlackElo "2422"]
[PlyCount "44"]
[EventDate "2013.03.22"]
[EventType "swiss"]
[EventRounds "6"]
[EventCountry "BRA"]
[SourceTitle "CBM 153 Extra"]
[Source "ChessBase"]
[SourceDate "2013.04.22"]
[SourceVersion "1"]
[SourceVersionDate "2013.04.22"]
[SourceQuality "1"]

1. e4 c5 2. Nf3 e6 3. Nc3 Nc6 4. Bc4 a6 5. d3 b5 6. Bb3 Nf6 7. a3 Qc7 8. O-O
Bb7 9. Re1 Ng4 10. h3 h5 11. Bg5 Nge5 12. Bf4 Bd6 13. Nd5 Nxf3+ 14. Qxf3 exd5
15. exd5+ Ne7 16. Re4 Bxf4 17. Rxf4 O-O 18. Rh4 Ng6 19. Rxh5 Qf4 20. Qxf4 Nxf4
21. Rf5 Ne2+ 22. Kf1 Nd4 0-1

[Event "Altinopolis op 2nd"]
[Site "Altinopolis"]
[Date "2013.??.??"]
[Round "2"]
[White "Barbosa, Evandro Amorim"]
[Black "Calixto, Roberto Carlos"]
[Result "1-0"]
[WhiteElo "2422"]
[BlackElo "1844"]
[PlyCount "73"]
[EventDate "2013.03.22"]
[EventType "swiss"]
[EventRounds "6"]
[EventCountry "BRA"]
[SourceTitle "CBM 153 Extra"]
[Source "ChessBase"]
[SourceDate "2013.04.22"]
[SourceVersion "1"]
[SourceVersionDate "2013.04.22"]
[SourceQuality "1"]

1. e4 c5 2. Nf3 Nc6 3. Bb5 a6 4. Bxc6 bxc6 5. O-O d6 6. e5 g6 7. Re1 Bg7 8. d3
Nh6 9. Bg5 d5 10. Nc3 O-O 11. Na4 f6 12. exf6 exf6 13. Bd2 Rb8 14. Qc1 Nf5 15.
Nxc5 Re8 16. Rxe8+ Qxe8 17. Bf4 Rb5 18. Nb3 g5 19. Qe1 Qf8 20. Be3 c5 21. c4
Nxe3 22. Qxe3 d4 23. Qe4 Rb6 24. Re1 g4 25. Nfd2 Bb7 26. Qf5 Bc6 27. Ne4 Qe7
28. Qxc5 Qxc5 29. Nexc5 Rb8 30. Nxd4 Re8 31. Rxe8+ Bxe8 32. Nxa6 f5 33. Nxf5
Bxb2 34. Nh6+ Kg7 35. Nxg4 Bg6 36. Nc5 Ba1 37. Ne4 1-0

[Event "Altinopolis op 2nd"]
[Site "Altinopolis"]
[Date "2013.??.??"]
[Round "3"]
[White "Rezende, Guilherme Vilela"]
[Black "Barbosa, Evandro Amorim"]
[Result "0-1"]
[WhiteElo "2016"]
[BlackElo "2422"]
[PlyCount "72"]
[EventDate "2013.03.22"]
[EventType "swiss"]
[EventRounds "6"]
[EventCountry "BRA"]
[SourceTitle "CBM 153 Extra"]
[Source "ChessBase"]
[SourceDate "2013.04.22"]
[SourceVersion "1"]
[SourceVersionDate "2013.04.22"]
[SourceQuality "1"]

1. d4 Nf6 2. c4 g6 3. Nf3 Bg7 4. g3 d5 5. cxd5 Nxd5 6. Bg2 Nb6 7. Nc3 Nc6 8. e3
O-O 9. O-O Re8 10. Re1 a5 11. Qe2 e5 12. dxe5 Nxe5 13. Nxe5 Bxe5 14. f4 Bxc3
15. bxc3 Bf5 16. e4 Bxe4 17. Bxe4 f5 18. Qd2 fxe4 19. Qd4 Qxd4+ 20. cxd4 Nc4
21. Rb1 b6 22. Kf2 Rad8 23. Be3 Rd5 24. a4 c6 25. Rbc1 b5 26. axb5 cxb5 27. Rc3
Ra8 28. Rc2 Rc8 29. g4 b4 30. Rb1 Nb6 31. Rc5 Rdxc5 32. dxc5 Nd5 33. Bd4 a4 34.
f5 b3 35. h4 Rb8 36. Bb2 Nb6 0-1

[Event "Altinopolis op 2nd"]
[Site "Altinopolis"]
[Date "2013.??.??"]
[Round "4"]
[White "Barbosa, Evandro Amorim"]
[Black "Silva, Sergio Marcos Galdi"]
[Result "1-0"]
[WhiteElo "2422"]
[BlackElo "2105"]
[PlyCount "45"]
[EventDate "2013.03.22"]
[EventType "swiss"]
[EventRounds "6"]
[EventCountry "BRA"]
[SourceTitle "CBM 153 Extra"]
[Source "ChessBase"]
[SourceDate "2013.04.22"]
[SourceVersion "1"]
[SourceVersionDate "2013.04.22"]
[SourceQuality "1"]

1. e4 c5 2. Nf3 Nc6 3. Bb5 e6 4. O-O Nge7 5. Re1 a6 6. Bxc6 Nxc6 7. d4 cxd4 8.
Nxd4 Be7 9. Nxc6 dxc6 10. Qg4 Qd4 11. Bd2 Qf6 12. Bc3 e5 13. Qg3 Bd6 14. Nd2
O-O 15. Nc4 Bc7 16. Bxe5 Bxe5 17. Nxe5 Be6 18. f4 Rfe8 19. Rad1 h5 20. f5 h4
21. Qf4 g5 22. Ng4 Qg7 23. Qd2 1-0

[Event "Altinopolis op 2nd"]
[Site "Altinopolis"]
[Date "2013.??.??"]
[Round "5"]
[White "Rodrigues, Leonardo De Miranda"]
[Black "Barbosa, Evandro Amorim"]
[Result "0-1"]
[WhiteElo "2073"]
[BlackElo "2422"]
[PlyCount "70"]
[EventDate "2013.03.22"]
[EventType "swiss"]
[EventRounds "6"]
[EventCountry "BRA"]
[SourceTitle "CBM 153 Extra"]
[Source "ChessBase"]
[SourceDate "2013.04.22"]
[SourceVersion "1"]
[SourceVersionDate "2013.04.22"]
[SourceQuality "1"]

1. d4 Nf6 2. Nf3 g6 3. c4 Bg7 4. Nc3 d5 5. cxd5 Nxd5 6. e4 Nxc3 7. bxc3 c5 8.
Rb1 O-O 9. Be2 b6 10. O-O Qc7 11. Re1 Nc6 12. Be3 Bg4 13. Qc1 Na5 14. Bf4 Qc8
15. h3 Bxf3 16. Bxf3 e5 17. dxe5 Qe8 18. Rd1 Bxe5 19. Bh6 Bg7 20. Bxg7 Kxg7 21.
e5 Rc8 22. Qf4 Qe7 23. Rd6 Rce8 24. Qf6+ Kg8 25. Rbd1 Nc4 26. Rd7 Qxe5 27. Qh4
Qxc3 28. Bd5 Ne5 29. Rxa7 c4 30. Qf6 Qc2 31. Rd4 b5 32. g4 Qc3 33. Kg2 Qxd4 34.
Bxf7+ Rxf7 35. Rxf7 Qd5+ 0-1

[Event "Altinopolis op 2nd"]
[Site "Altinopolis"]
[Date "2013.??.??"]
[Round "6"]
[White "Barbosa, Evandro Amorim"]
[Black "Nery, Jose Antonio Jr"]
[Result "1-0"]
[WhiteElo "2422"]
[BlackElo "2085"]
[PlyCount "73"]
[EventDate "2013.03.22"]
[EventType "swiss"]
[EventRounds "6"]
[EventCountry "BRA"]
[SourceTitle "CBM 153 Extra"]
[Source "ChessBase"]
[SourceDate "2013.04.22"]
[SourceVersion "1"]
[SourceVersionDate "2013.04.22"]
[SourceQuality "1"]

1. e4 c5 2. Nf3 d6 3. d4 cxd4 4. Nxd4 Nf6 5. Nc3 a6 6. Be3 b5 7. f3 Bb7 8. Qd2
e6 9. a4 b4 10. Na2 d5 11. e5 Nfd7 12. f4 Nc5 13. Bd3 Nxa4 14. b3 Nc5 15. Nxb4
Nxd3+ 16. Nxd3 Nc6 17. O-O Nxd4 18. Bxd4 g6 19. Nc5 Qc7 20. Ra5 Bxc5 21. Bxc5
d4 22. Bd6 Qc3 23. Qxc3 dxc3 24. Rc5 Rc8 25. Rxc8+ Bxc8 26. Rf3 h6 27. Rxc3 Kd8
28. Rc7 Rh7 29. Ra7 g5 30. fxg5 hxg5 31. Be7+ Ke8 32. Bxg5 Rh5 33. Bf6 a5 34.
Re7+ Kd8 35. Rxf7+ Ke8 36. Re7+ Kf8 37. Ra7 1-0

[Event "Moron Panno Masters 2nd"]
[Site "Moron"]
[Date "2013.05.12"]
[Round "1"]
[White "Barbosa, Evandro Amorim"]
[Black "Perez Ponsa, Federico"]
[Result "0-1"]
[WhiteElo "2441"]
[BlackElo "2474"]
[PlyCount "68"]
[EventDate "2013.05.12"]
[EventType "tourn"]
[EventRounds "9"]
[EventCountry "ARG"]
[EventCategory "8"]
[SourceTitle "CBM 154 Extra"]
[Source "ChessBase"]
[SourceDate "2013.06.25"]
[SourceVersion "2"]
[SourceVersionDate "2013.06.25"]
[SourceQuality "1"]

1. e4 c6 2. Nc3 d5 3. Nf3 Bg4 4. h3 Bxf3 5. Qxf3 Nf6 6. d3 e6 7. Bd2 Nbd7 8. g4
b5 9. g5 b4 10. Nd1 Ng8 11. h4 Bd6 12. Bh3 Ne7 13. h5 Qc7 14. Ne3 Rb8 15. Ng2
Be5 16. Bf4 dxe4 17. Qxe4 Rb5 18. d4 Bxf4 19. Nxf4 Rxg5 20. O-O-O Nf6 21. Qe3
h6 22. Bxe6 fxe6 23. Nxe6 Qd6 24. Nxg5 hxg5 25. Qxg5 Kf7 26. h6 g6 27. Qa5 Nfd5
28. Qxa7 Rxh6 29. Rxh6 Qf4+ 30. Kb1 Qxh6 31. a3 Qh5 32. Rd3 Qe2 33. f3 Nc3+ 34.
bxc3 b3 0-1